[Event "Sardegna Region-ch"]
[Site "Capoterra"]
[Date "2012.05.20"]
[Round "2"]
[White "Marano, Daniele"]
[Black "Lobina, Giulio"]
[Result "0-1"]
[WhiteElo "1727"]
[BlackElo "1837"]
[PlyCount "86"]
[EventDate "2012.05.19"]
[EventType "swiss"]
[EventRounds "6"]
[EventCountry "ITA"]
[SourceTitle "EXT 2014"]
[Source "ChessBase"]
[SourceDate "2013.11.20"]
[SourceVersion "1"]
[SourceVersionDate "2013.11.20"]
[SourceQuality "1"]

1. e4 c5 2. Nf3 Nc6 3. Nc3 g6 4. d4 cxd4 5. Nxd4 Bg7 6. Be3 Qa5 7. Bc4 Nf6 8. 0-0 Qb4 9. Bb3 0-0 10. a3 Qa5 11. Kh1 Qh5 12. Nxc6 dxc6 13. Qxh5 Nxh5 14. Rad1 Bxc3 15. bxc3 Ng7 16. h3 Be6 17. Bxe6 Nxe6 18. Rd7 b6 19. Rfd1 Rfd8 20. f4 Kf8 21. f5 Rxd7 22. Rxd7 gxf5 23. exf5 Ng7 24. g4 h5 25. Bh6 hxg4 26. hxg4 Ke8 27. Rd3 Kf8 28. Kg2 f6 29. Kf3 Kf7 30. Bxg7 Kxg7 31. Rd7 Kf7 32. Kf4 a6 33. c4 c5 34. g5 fxg5+ 35. Kxg5 Rg8+ 36. Kf4 Rg2 37. Ke5 Rxc2 38. Kd5 b5 39. cxb5 axb5 40. Kc6 b4 41. a4 c4 42. Kb5 b3 43. a5 b2 0-1

[Event "Cagliari Alfa Lum op"]
[Site "Cagliari"]
[Date "2009.08.29"]
[Round "3"]
[White "Lobina, Giulio"]
[Black "Melis, Daniele"]
[Result "1-0"]
[WhiteElo "1775"]
[BlackElo "1368"]
[PlyCount "113"]
[EventDate "2009.08.28"]
[EventType "swiss"]
[EventRounds "6"]
[EventCountry "ITA"]
[SourceTitle "EXT 2012"]
[Source "ChessBase"]
[SourceDate "2011.11.24"]
[SourceVersion "1"]
[SourceVersionDate "2011.11.24"]
[SourceQuality "1"]

1. b4 d5 2. Bb2 Bf5 3. Nf3 Nf6 4. e3 e6 5. b5 c6 6. a4 a6 7. c4 Nbd7 8. Nc3 Bd6 9. Nd4 Ne5 10. Nxf5 exf5 11. cxd5 cxd5 12. Qb3 Bc7 13. Ne2 Ne4 14. Nf4 Nf6 15. b6 Bb8 16. Rc1 Nf3+ 17. gxf3 Bxf4 18. exf4 0-0 19. Rg1 d4 20. Bd3 Re8+ 21. Kd1 Nh5 22. Rc7 Re7 23. Rxe7 Qxe7 24. Bxd4 g6 25. Be3 Qd7 26. Rg5 Ng7 27. h4 Ne6 28. Bxf5 Re8 29. h5 Kh8 30. hxg6 fxg6 31. Bxe6 Rxe6 32. Qc3+ Kg8 33. Qc4 Kf8 34. Rd5 Qc6 35. Qxc6 Rxc6 36. Rd7 Rc4 37. Rxb7 Rxa4 38. Rxh7 Kg8 39. Ra7 Ra1+ 40. Ke2 a5 41. b7 Rb1 42. Ra8+ Kg7 43. b8Q Rxb8 44. Rxb8 a4 45. Bd4+ Kf7 46. Rb6 a3 47. Rf6+ Ke7 48. Rxg6 a2 49. f5 Kf7 50. Rg7+ Kf8 51. Ra7 Ke8 52. f6 Kf8 53. Bc5+ Kg8 54. f7+ Kg7 55. f8Q+ Kg6 56. Rg7+ Kh6 57. Qh8# 1-0

[Event "Cagliari Province-ch"]
[Site "Sinnai"]
[Date "2001.01.21"]
[Round "3"]
[White "Cerioni, Armando"]
[Black "Lobina, Giulio"]
[Result "1-0"]
[WhiteElo "1413"]
[BlackElo "1470"]
[PlyCount "45"]
[EventDate "2001.01.20"]
[EventType "swiss"]
[EventRounds "7"]
[EventCountry "ITA"]
[SourceTitle "EXT 2023"]
[Source "ChessBase"]
[SourceDate "2022.10.05"]
[SourceVersion "1"]
[SourceVersionDate "2022.10.05"]
[SourceQuality "1"]

1. e4 g6 2. d4 Bg7 3. Nc3 e5 4. Nge2 Ne7 5. Be3 0-0 6. Qd2 Nbc6 7. d5 Nb4 8. a3 Na6 9. 0-0-0 d6 10. Bh6 b6 11. Bxg7 Kxg7 12. h4 f5 13. h5 f4 14. g3 Bg4 15. gxf4 exf4 16. Nxf4 Rxf4 17. Qxf4 Bxd1 18. hxg6 h5 19. Qf7+ Kh6 20. Qh7+ Kg5 21. Nxd1 Qh8 22. Rxh5+ Kf6 23. Qf7# 1-0